Loading...
| History - European | 0 | 6 | 0 | 0 | 60 | 36 | 63.83 | 0 | 2 | 0.00 | 0.00 |
| Literature - American | 0 | 6 | 0 | 0 | 60 | 39 | 90.83 | 0 | 1 | 0.00 | 0.00 |
| Fine Arts - Painting and Sculpture | 0 | 6 | 1 | 0 | 55 | 40 | 84.50 | 0 | 3 | 0.00 | 0.00 |
| Fine Arts - Other | 0 | 4 | 0 | 1 | 40 | 37 | 86.00 | 0 | 2 | 0.00 | 0.00 |
| Literature - British | 0 | 4 | 0 | 1 | 40 | 38 | 89.00 | 1 | 1 | 0.00 | 0.00 |
| Literature - European | 0 | 4 | 0 | 0 | 40 | 92 | 99.00 | 0 | 0 | 0.00 | 0.00 |
| Literature - World | 0 | 4 | 1 | 1 | 35 | 88 | 111.25 | 0 | 0 | 0.00 | 0.00 |
| History - American | 0 | 4 | 1 | 1 | 35 | 51 | 75.00 | 0 | 1 | 0.00 | 0.00 |
| History - World | 0 | 3 | 0 | 0 | 30 | 27 | 50.67 | 0 | 2 | 0.00 | 0.00 |
| Mythology | 0 | 3 | 0 | 0 | 30 | 75 | 89.00 | 0 | 0 | 0.00 | 0.00 |
| Science - Biology | 0 | 1 | 0 | 0 | 10 | 61 | 61.00 | 0 | 1 | 0.00 | 0.00 |
| History - Other | 0 | 1 | 0 | 1 | 10 | 109 | 109.00 | 0 | 0 | 0.00 | 0.00 |
| Social Science | 0 | 1 | 0 | 0 | 10 | 50 | 50.00 | 0 | 0 | 0.00 | 0.00 |
| Science - Chemistry | 0 | 1 | 0 | 1 | 10 | 103 | 103.00 | 0 | 0 | 0.00 | 0.00 |
| Religion | 0 | 1 | 2 | 0 | 0 | 99 | 99.00 | 0 | 0 | 0.00 | 0.00 |
| Popular Culture | 0 | 0 | 1 | 0 | -5 | 0.00 | 0 | 0 | 0.00 | 0.00 | |
| Geography | 0 | 0 | 3 | 0 | -15 | 0.00 | 0 | 0 | 0.00 | 0.00 |